000 00337nam a2200133Ia 4500
008 240624s9999 xx 000 0 und d
041 _aeng
082 _a338.5 SAV
100 _aSAVAGE SAM L
245 _aFLAW OF AVERAGES WHY WE UNDERESTIMATE RI
260 _c2009
_aHoboken
_bJohn Wiley and Sons
300 _a416 : p.
365 _c
_b27
999 _c15780
_d15780